| 000 | 01079nam0a2200277 4500 | ||
|---|---|---|---|
| 001 | RU\NLR\BIBL_A\010984658 | ||
| 005 | 20260406061954.0 | ||
| 010 |
_a978-5-9906998-2-3 _9500 |
||
| 021 |
_aRU _b2015-97915 _96090 |
||
| 035 | _a(NLR Aleph) 010984658 | ||
| 090 |
_a10894408 _c10894408 |
||
| 100 | _a20160220d2015 |||y0rusy50 ca | ||
| 101 | 1 |
_atat _ckrc |
|
| 102 | _aRU | ||
| 105 | _ac z 000 y | ||
| 200 | 1 |
_aМәңгелек тау илендә _eшигырьләр _e[Карачай-Балкар шагыйрьләре иҗаты _fмөх-ре Р. Корбан] |
|
| 210 |
_aКазан _cТанДем _d2015 |
||
| 215 |
_a111 б. _cпортр. _d17 |
||
| 541 | 1 |
_aВ стране вечной горы _eстихи поэтов Карачаево-Балкарии. |
|
| 686 | 1 | _aШ6(2=Тат)-91Кара7-5 | |
| 686 | 1 | _aШ6(2=Тат)-91Ба7-5 | |
| 702 | 1 |
_4340 _7ca _8rus _aКурбанов _bР. Х. _f1957- _gРафис Харисович _3RU\NLR\AUTH\7712162 _9121891 |
|
| 852 |
_aNLR _bОНЛ _jТатар./2-12701 |
||
| 942 | _cBOOK | ||
| 980 | _aNB | ||